000 00543nam a2200193Ia 4500
005 20250508160643.0
008 008 250505s9999 xx 000 0 hin d
020 _a978-81-321-1601-1
037 _aReference
040 _aFEDL
_beng
_cFEDL
041 _ahin
_2eng
084 _a398.903, GUP
_qFEDL
100 _aGupta Krishnanand Ed.
_9769032
245 0 _aHindustani kahavat-kosh
260 _aNew Delhi, India
_bNational Books Trust
_c1968
300 _a409p
942 _cREF
_h398.903, GUP
999 _c1365858
_d1365858